[Event "Soest op"]
[Site "Soest"]
[Date "2001.05.25"]
[Round "1.14"]
[White "Van Tuinen, Fedde C"]
[Black "Veltkamp, Gerben"]
[Result "0-1"]
[WhiteElo "1775"]
[BlackElo "2209"]
[PlyCount "56"]
[EventDate "2001.05.25"]
[EventType "swiss"]
[EventRounds "7"]
[EventCountry "NED"]
[SourceTitle "EXT 2002"]
[Source "ChessBase"]
[SourceDate "2001.11.25"]
[SourceVersion "1"]
[SourceVersionDate "2001.11.25"]
[SourceQuality "1"]

1. d4 d5 2. c4 Nc6 3. Nc3 dxc4 4. e3 e5 5. d5 Nce7 6. Bxc4 Ng6 7. Nf3 Bd6 8. Qb3 a6 9. a4 Nf6 10. e4 0-0 11. h3 Bc5 12. Qc2 Nh5 13. Bg5 Qd6 14. g3 Bd7 15. Kf1 h6 16. Bh4 f5 17. Kg2 f4 18. g4 Nxh4+ 19. Nxh4 f3+ 20. Kh2 Rf4 21. Rhg1 Kh8 22. Bd3 g6 23. Nxg6+ Qxg6 24. gxh5 Qxh5 25. Rg3 Rh4 26. Bf1 Rg8 27. Nd1 Bxh3 28. Rxh3 Rxh3+ 0-1